| 000 | 00814nam a2200277 a 4500 | ||
|---|---|---|---|
| 001 | 37305 | ||
| 003 | BD-RjUL | ||
| 005 | 20211209052610.0 | ||
| 008 | 141123r19731969enkab b 001 0 eng | ||
| 020 | _a0340163488 | ||
| 020 | _a034004988X | ||
| 035 | _a(BD-RjUL)37408 | ||
| 040 |
_aDLC _cDLC _dDLC _dBD-RjUL _beng |
||
| 041 | _aeng | ||
| 082 | 0 | 0 |
_a595.701 _bCHI 1973 |
| 100 | 1 |
_aChapman, R. F. _q(Reginald Frederick) _9114326 |
|
| 245 | 1 | 4 |
_aThe insects : _b structure and function / _c[by] R. F. Chapman. |
| 260 |
_aLondon : _bEnglish Universities P., _c1969 [reprint 1973]. |
||
| 300 |
_axii, 819 p. : _bill. ; _c26 cm. |
||
| 490 | 0 | _aBiological science texts | |
| 504 | _aBibliography and index | ||
| 650 | 0 |
_aInsects. _9114168 |
|
| 942 |
_2ddc _cBK |
||
| 999 |
_c37305 _d37305 |
||